| 000 | 02754nam a22003977a 4500 | ||
|---|---|---|---|
| 999 |
_c21804 _d21804 |
||
| 003 | AR-CdUCM | ||
| 008 | 190425b ||||| |||| 00| 0 spa d | ||
| 040 |
_aMUNICIPALIDAD PROVINCIAL DEL CUSCO _cBIBLIOTECA MUNICIPAL DEL CUSCO |
||
| 082 | _aRev.Allp/N°3/1971 | ||
| 110 |
_aInstituto de Pastoral Andina _912766 |
||
| 245 |
_aAllpanchis Phuturinqa : _bRevista Anual / |
||
| 260 |
_aCusco : _b[Garcilaso], _c1971. |
||
| 300 |
_a212 páginas. : _c20 cm. |
||
| 440 |
_aRevista del Instituto de Pastoral Andina Cusco _nAño [ ], [ ] semestre de 1971, N°3. Vol. III _946168 |
||
| 500 | _aRitos agrícolas y ganaderos del sur-andino. | ||
| 505 | _aContenido: Apuntes sobre la cosmovisión andina. -- Celebración y rito. -- La Pachamama. -- Suyunakuy. Carlos Vivanco Flores. -- Mosoq wata. Luis Dalle. -- Las Cabañuelas. Carmela Cuba de Nordt. -- Sara Tarpuy. Juan Antonio Manya. -- Papa pajchay. Carlos Vivanco Flores. -- Kutipay. Luis Dalle. -- Ritos de lluvia. Carmela Cuba. -- La wak´a awicha Anselma. Jorge Flores Ochoa. -- Chiaraje. Alfonsina Barrionuevo. -- Jatakatu. Jorge Choqueccahua. -- Fiesta de San Isidro patron de los agricultores. Mery Alinda Sánchez Gamarra. -- Escarbe de papas. Jorge Choquehuanca. -- La cosecha del maíz en Yucay. Justino Mayta Medina. -- El entroje. -- ¿Puede un campesino cristiano ofrecer un pago a la tierra?. Manuel Marzal. -- Culto a los animales. -- El hombre y los animales en la cultura quechua. Edgardo Cayon Armelia. -- Fiesta del ganado. Ginette Merelle Lucette Roy. -- Fiesta del ganado vacuno. Paulino Delgado Urquizo. -- La noche de San Juan en la versión Chanca. Carlos Vivanco Flores. -- La velada del ganado en la noche de San Juan. Carmela Cuba de Nordt. -- Fiesta del cordero. Luis Alberto Paz Villaroel. -- El señalasqa en el mundo Aymara. Jorge Choqueccahua. -- El señalakuy. Julio Delgado Aragón. -- Ritual para el degüello de un toro. -- Reflexión pastoral sobre los ritos indígenas. Jaime Regan. | ||
| 650 |
_aCultura andina _946160 |
||
| 650 |
_aAntropología cusqueña _945862 |
||
| 650 |
_aReligiosidad andina _944127 |
||
| 650 |
_aConstumbres y tradiciones _946161 |
||
| 650 |
_aRitos andinos _96634 |
||
| 650 |
_aRitos agrícolas _946169 |
||
| 650 |
_aRitos ganaderos _946170 |
||
| 700 |
_aMarzal, Manuel _946162 |
||
| 700 |
_aVivanco Flores, Carlos _946171 |
||
| 700 |
_aCuba de Nordt, Carmela _946172 |
||
| 700 |
_aFlores Ochoa, Jorge _92915 |
||
| 700 |
_aSánchez Gamarra, Mery Alinda _946173 |
||
| 700 |
_aMayta Medina, Justino _946174 |
||
| 700 |
_aCayon Armelia, Edgardo _946175 |
||
| 700 |
_aDelgado Urquizo, Paulino _946176 |
||
| 700 |
_aPaz Villaroel, Luis Alberto _946177 |
||
| 700 |
_aDelgado Aragón, Julio _946178 |
||
| 942 |
_2ddc _cPP |
||
| 945 | _arac | ||